An outline of America geography Regional landscapes of the United States

Na minha lista:
Detalhes bibliográficos
Formato: Livro
Idioma:Undetermined
Publicado em: New York, USA United States Information Agency 1992
Assuntos:
Tags: Adicionar Tag
Sem tags, seja o primeiro a adicionar uma tag!
Thư viện lưu trữ: Trung tâm Học liệu Trường Đại học Cần Thơ
LEADER 00479nam a2200157Ia 4500
001 CTU_34055
008 210402s9999 xx 000 0 und d
082 |a 917 
082 |b B618 
245 3 |a An outline of America geography 
245 0 |b Regional landscapes of the United States 
260 |a New York, USA 
260 |b United States Information Agency 
260 |c 1992 
650 |a america - description and travel 
980 |a Trung tâm Học liệu Trường Đại học Cần Thơ